• 首页
  • 本馆介绍
  • 公告通知
  • 最新文献
  • 馆藏检索
  • 电子资源
  • 读者导购
  • 参考咨询
  • 我的图书馆
  • 登录
  • 详细信息显示
  • 放入我的书架
  • 预约/预借图书
  • 作者相关作品
  • 分类相关作品
  • 丛书相关作品
  • 出版社相关作品

书目信息

  • 表格格式
  • 工作单格式
  • 卡片格式
题名:
中原音韵音系
    
 
作者: 杨耐思 著
分册:  
出版信息: 北京   中国社会科学出版社  1981.10
页数: 186页
开本: 32开
丛书名:
单 册:
中图分类: H114.2
科图分类:
主题词: 汉语--语音 , 汉语--音韵学
电子资源:
ISBN:
000 00568nam0 2200217 45
001 0211050904
005 20070802135623.78
010    @dCNY0.97
091    @a9190.007
100    @a20021105d1981 km y0chiy0120 ea
101 0  @achi
105    @ah z 000yy
200 1  @a中原音韵音系@AZhong Yuan Yin Yun Yin Xi@f杨耐思著@FYang Nai Si Zhu
210    @a北京@c中国社会科学出版社@d1981.10
215    @a186页@c摹真@d32开
606 0  @a汉语@x语音
606 0  @a汉语@x音韵学
690    @aH114.2@v3
701  0 @a杨耐思@4著
801    @aCN@bTSTC@c20070802
905    @dH114.2@e2
    
    中原音韵音系/杨耐思著.-北京:中国社会科学出版社,1981.10
    186页:摹真;32开
    
    
    ISBN :CNY0.97
    
●
相关链接 在E读中查询图书 在五车中查询图书 在当当中查询图书 在豆瓣中查询图书


正题名:中原音韵音系     索取号:H114.2/2         预约/预借

序号 登录号 条形码 馆藏地/架位号 状态 备注
1 0064776   202078349   第二样本阅览室/ [索取号:H114.2/2] 在馆    
2 0064777   001615130   密集书库/ [索取号:H114.2/2] 在馆    
3 0064778   001615176   密集书库/ [索取号:H114.2/2] 在馆    
4 0420779   204207795   密集书库/ [索取号:H114.2/2] 在馆    
5 0790900   207909003   密集书库/ [索取号:H114.2/2] 在馆    
唐山师范学院图书馆 欢迎您!
大连网信软件有限公司© 版权所有